[Event "Coupe Niveau 3"]
[Site "www.echecsemail.com"]
[Date "2026.02.06"]
[Round "1"]
[White "Verson"]
[Black "Domenico"]
[WhiteElo "1800"]
[BlackElo "1820"]
[Result "1-0"]
1.d4 d5
2.Ng1f3 Bc8f5
3.e3 Nb8c6
4.c4 dxc4
5.Bf1xc4 e6
6.a3 Bf8e7
7.O-O Ng8f6
8.Nb1c3 O-O
9.b4 a6
10.h3 b5
11.Bc4d3 Bf5xd3
12.Qd1xd3 e5
13.Rf1d1 exd4
14.exd4 Nf6d5
15.Bc1b2 Be7f6
16.Nc3xd5 Qd8xd5
17.Ra1c1 Ra8e8
18.Rc1c5 Qd5d6
19.Qd3c2 Nc6e7
20.Rc5xc7 Ne7d5
21.Rc7c6 Qd6f4
22.Rc6c5 Nd5e7
23.Bb2c1 Qf4d6
24.Nf3g5 Bf6xg5
25.Bc1xg5 Ne7g6
26.d5 Re8e5
27.Bg5e3 Ng6h4
28.Be3f4 Qd6g6
29.Qc2xg6 Nh4xg6
30.Bf4xe5 Ng6xe5
31.d6 Ne5d7
32.Rc5c7 Nd7e5
33.d7 { abandon }1-0

[Event "Jean 8"]
[Site "www.echecsemail.com"]
[Date "2026.02.06"]
[Round "1"]
[White "4x4"]
[Black "Pgo"]
[WhiteElo "1450"]
[BlackElo "1760"]
[Result "0-1"]
1.e4 e5
2.f4 exf4
3.Ng1f3 g5
4.h3 Bf8c5
5.d3 Nb8c6
6.Nb1c3 Bc5b4
7.Bc1d2 d6
8.a3 Bb4a5
9.b4 Ba5b6
10.Qd1e2 Bb6d4
11.Nf3xd4 Nc6xd4
12.Qe2d1 Ng8f6
13.Nc3e2 c5
14.Ne2xd4 cxd4
15.c3 dxc3
16.Bd2xc3 O-O
17.g4 fxg3
18.Qd1d2 Rf8e8
19.Bf1g2 h6
20.O-O-O Qd8b6
21.Bc3xf6 a6
22.Qd2c3 Qb6e3
23.Kc2 Qe3f2
24.Rd1d2 Qf2b6
25.Bf6h8 Kf8
26.Qc3g7 Ke7
27.Rh1f1 Bc8e6
28.Qg7xh6 Re8xh8
29.Qh6f6 Kd7
30.Rf1c1 Rh8c8
31.Kd1 Qb6g1
32.Bg2f1 Qg1xf1
33.Qf6xf1 Rc8h8
34.Qf1g2 Rh8xh3
35.e5 Be6g4
36.Kc2 Ra8c8
37.Kb2 Rc8xc1
38.Qg2xb7 Rc1c7
39.Qb7xa6 dxe5
40.Qa6b5 Ke6
41.Qb5b6 Kd7
42.d4 Rh3h2
43.Qb6b5 Kc8
44.Qb5xe5 Rh2xd2
45.Kb3 Bg4d1
0-1

[Event "Défi( 10J+24H/c 10J Max )"]
[Site "www.echecsemail.com"]
[Date "2026.02.06"]
[Round "1"]
[White "Chevalice"]
[Black "Intrigue"]
[WhiteElo "1670"]
[BlackElo "1770"]
[Result "1-0"]
1.e4 e5
2.Ng1f3 Nb8c6
3.Bf1b5 a6
4.Bb5xc6 dxc6
5.Nf3xe5 Qd8d4
6.Ne5f3 Qd4xe4
7.Qd1e2 Ng8f6
8.d3 Qe4xe2
9.Kxe2 Bc8g4
10.Nb1d2 Bf8d6
11.h3 Bg4e6
12.Rh1e1 O-O
13.Kf1 b5
14.b3 Rf8e8
15.Bc1b2 Nf6d5
16.Nf3d4 c5
17.Nd4xe6 fxe6
18.Re1e4 Nd5f6
19.Bb2xf6 gxf6
20.Ra1e1 e5
21.Nd2f3 c6
22.Nf3h4 Ra8a7
23.Nh4f5 Bd6f8
24.f4 Bf8g7
25.Nf5xg7 Kxg7
26.fxe5 fxe5
27.Re4xe5 Re8xe5
28.Re1xe5 c4
29.d4 Kf6
30.g4 h6
31.Re5f5 Kg6
32.Kf2 Ra7e7
33.Rf5e5 Kf6
34.Re5f5 Kg6
35.Rf5e5 Re7xe5
36.dxe5 cxb3
37.cxb3 Kf7
38.Ke3 Ke6
39.Kd4 a5
40.a3 a4
41.b4 Kd7
42.h4 Ke6
43.g5 hxg5
44.hxg5 Kf5
45.g6 Kxg6
46.Ke4 Kf7
47.Kf5 Ke7
48.e6 Ke8
49.Kf6 Kf8
50.e7 Ke8
51.Ke6 c5
52.bxc5 b4
53.c6 bxa3
54.c7 { abandon }1-0

[Event "Tournoi n27005"]
[Site "www.echecsemail.com"]
[Date "2026.02.06"]
[Round "1"]
[White "Vangogh"]
[Black "Jasmartin"]
[WhiteElo "2270"]
[BlackElo "2140"]
[Result "0-1"]
1.d4 d5
2.c4 c6
3.e3 Ng8f6
4.Nb1c3 e6
5.c5 Nb8d7
6.Bf1d3 b6
7.b4 bxc5
8.bxc5 Bf8e7
9.Bc1d2 e5
10.Bd3f5 e4
11.Ng1e2 Nd7xc5
12.dxc5 Bc8xf5
13.Ne2g3 Bf5g4
14.Qd1a4 Bg4d7
15.Qa4a3 O-O
16.O-O Nf6g4
17.Nc3e2 a5
18.Ne2d4 Qd8c7
19.f4 exf3
20.Nd4xf3 Rf8e8
21.Ra1e1 Be7f8
22.e4 Qc7a7
23.Re1c1 dxe4
24.Nf3g5 Re8e5
25.Ng3xe4 h6
26.Qa3b3 Bd7f5
27.h3 hxg5
28.Rf1xf5 Re5xf5
29.hxg4 Rf5d5
30.Qb3e3 Ra8e8
31.Ne4f6 gxf6
32.Qe3xe8 Rd5xd2
33.Qe8xc6 Kg7
34.a4 Qa7e7
35.Kh1 Qe7e5
36.Qc6f3 Bf8xc5
37.Rc1f1 Rd2d8
38.g3 Rd8h8
39.Kg2 Qe5b2
40.Rf1f2 Qb2xf2
{ abandon }0-1

[Event "Coupe Niveau 3"]
[Site "www.echecsemail.com"]
[Date "2026.02.06"]
[Round "1"]
[White "Verson"]
[Black "Elghribi"]
[WhiteElo "1840"]
[BlackElo "1930"]
[Result "0-1"]
1.d4 Ng8f6
2.Ng1f3 g6
3.Bc1f4 Bf8g7
4.e3 O-O
5.Bf1d3 d6
6.O-O h6
7.e4 Nb8c6
8.c3 Nf6d7
9.Nb1d2 e5
10.dxe5 Nd7xe5
11.Bd3c2 Bc8e6
12.Qd1e2 Be6g4
13.h3 Ne5xf3
14.Nd2xf3 Bg4e6
15.Ra1d1 Qd8e7
16.Qe2d2 Kh7
17.b3 Nc6e5
18.Nf3xe5 dxe5
19.Bf4e3 Ra8d8
20.Qd2e2 a6
21.Rd1xd8 Rf8xd8
22.Rf1d1 f5
23.exf5 gxf5
24.Rd1xd8 Qe7xd8
25.Qe2d3 Qd8xd3
26.Bc2xd3 e4
27.Bd3e2 Bg7xc3
28.f3 Kg6
29.fxe4 fxe4
30.g4 Bc3f6
31.Kg2 Bf6h4
32.Be3f2 Bh4g5
33.Kg3 Kf7
34.Bf2d4 Be6d5
35.h4 Bg5d2
36.Kf2 Kg6
37.Bd4e3 Bd2c3
38.Be3f4 Bc3f6
39.Ke3 Bf6xh4
40.Be2d1 Bh4g5
41.Bf4xg5 Kxg5
42.a3 Bd5e6
43.Kxe4 Be6xg4
44.Bd1c2 Bg4f5
{ abandon }0-1

[Event "Tournoi n27328"]
[Site "www.echecsemail.com"]
[Date "2026.02.06"]
[Round "1"]
[White "Louis67"]
[Black "4x4"]
[WhiteElo "1440"]
[BlackElo "1460"]
[Result "1-0"]
1.d4 d5
2.Nb1c3 e6
3.e4 dxe4
4.Nc3xe4 Ng8f6
5.Bc1g5 Bf8e7
6.Qd1f3 Nf6xe4
7.Bg5xe7 Qd8xe7
8.Qf3xe4 Nb8c6
9.O-O-O Bc8d7
10.Bf1b5 f5
11.Qe4e3 O-O-O
12.Bb5xc6 Bd7xc6
13.f3 Bc6d5
14.Ng1e2 c6
15.Kb1 h6
16.Rd1c1 g5
17.c4 c5
18.cxd5 Rd8xd5
19.Rc1c4 b6
20.dxc5 Rd5xc5
21.Rc4xc5 Qe7xc5
22.Rh1c1 Rh8e8
23.Rc1xc5 bxc5
24.Qe3xc5 Kb8
25.Ne2d4 e5
26.Qc5b5 Kc7
27.Qb5xe8 exd4
28.Qe8h5 Kd6
29.Qh5xh6 Ke5
30.Qh6xg5 a5
31.Qg5d2 Kd5
32.Qd2e2 Kc5
33.Qe2e5 Kc4
34.Qe5xf5 d3
35.Qf5d7 a4
36.a3 Kb3
37.h4 d2
38.Qd7xd2 Kc4
39.f4 Kb3
40.g4 Kc4
41.Qd2a5 Kd4
42.Qa5xa4 Ke3
43.g5 Kf3
44.f5 Kg3
45.h5 Kf3
46.Qa4c4 Kg3
47.b4 Kf3
48.Kc2 Kg3
49.Kd3 Kh3
50.b5 Kg3
51.Ke3 Kh3
52.Kf3 Kh2
53.Kf2 Kh3
54.Qc4c3 Kh4
55.Qc3c6 Kxg5
56.Qc6g6 Kf4
57.Qg6e6 Kg5
58.Kf3 Kxh5
59.Qe6g6 Kh4
60.Qg6g4 1-0

[Event "Eq:Les enfants de l Atlantide-modesty :"]
[Site "www.echecsemail.com"]
[Date "2026.02.06"]
[Round "1"]
[White "Ohtani"]
[Black "Breitenbach"]
[WhiteElo "2009"]
[BlackElo "2250"]
[Result "1/2-1/2"]
1.d4 Ng8f6
2.c4 e5
3.dxe5 Nf6g4
4.e4 Ng4xe5
5.a3 a5
6.Ng1h3 d6
7.Nh3f4 g6
8.Nb1c3 Bf8g7
9.Bf1e2 Nb8d7
10.Qd1c2 Nd7c5
11.h3 a4
12.Bc1e3 Nc5b3
13.Ra1d1 c5
14.Nc3xa4 Nb3d4
15.Be3xd4 cxd4
16.O-O Bc8d7
17.b3 Bd7xa4
18.bxa4 Ne5d7
19.Nf4d3 Qd8a5
20.Rd1b1 Qa5xa4
21.Qc2xa4 Ra8xa4
22.Rb1xb7 Ra4xa3
23.Rf1b1 Nd7e5
24.Rb7b8 Ke7
25.Rb8b7 Kf8
26.Rb7b8 Ke7
27.Rb8b7 Kf8
28.Rb7b8 { nul }1/2-1/2

[Event "Défi( 10J+24H/c 10J Max )"]
[Site "www.echecsemail.com"]
[Date "2026.02.06"]
[Round "1"]
[White "Poison"]
[Black "Minon"]
[WhiteElo "1070"]
[BlackElo "1910"]
[Result "0-1"]
1.e4 e5
2.Ng1f3 Nb8c6
3.Nb1c3 Ng8f6
4.Bf1b5 a6
5.Bb5xc6 dxc6
6.d3 Bf8b4
7.Bc1g5 Bb4xc3
8.Kf1 Bc3xb2
9.Ra1b1 Bb2d4
10.Bg5xf6 Qd8xf6
11.Qd1e1 Bc8g4
12.Nf3xd4 exd4
13.h3 Bg4e6
14.Rb1xb7 Ra8c8
15.Rb7a7 O-O
16.Ra7xa6 c5
17.Ra6a5 c4
18.dxc4 Be6xc4
19.Kg1 c5
20.Ra5a4 Bc4b5
21.Ra4a3 Rc8a8
22.Ra3b3 Bb5a4
23.Rb3d3 c4
24.Rd3d1 Ba4xc2
25.Rd1d2 d3
26.Rd2xc2 dxc2
27.Qe1c1 Ra8xa2
28.f3 Qf6b2
29.Qc1xb2 Ra2xb2
30.Kf2 Rb2b1
31.Rh1h2 c1Q
32.Kg3 Qc1e1
33.Kf4 Qe1g1
34.h4 Qg1xh2
35.Kg4 Qh2xg2
36.Kf4 h6
37.h5 Qg2g5
0-1

[Event "Tournoi n27415"]
[Site "www.echecsemail.com"]
[Date "2026.02.06"]
[Round "1"]
[White "Intrigue"]
[Black "Chevalice"]
[WhiteElo "1760"]
[BlackElo "1670"]
[Result "1-0"]
1.f4 f5
2.Ng1f3 Ng8f6
3.b3 e6
4.Bc1b2 Bf8c5
5.e3 O-O
6.d3 Bc5xe3
7.Qd1e2 Be3xf4
8.g3 Bf4d6
9.Bf1g2 c5
10.Nb1c3 a6
11.O-O Ra8a7
12.Ra1e1 Rf8e8
13.Nf3e5 b5
14.a3 Bd6c7
15.Nc3d1 d6
16.Ne5f3 e5
17.c4 Nb8c6
18.cxb5 Nc6d4
19.Bb2xd4 exd4
20.Qe2b2 axb5
21.Re1xe8 Qd8xe8
22.Rf1e1 Qe8f7
23.Nd1f2 Nf6g4
24.Nf3g5 Qf7h5
25.Ng5h3 Bc7b8
26.Nf2xg4 fxg4
27.Nh3f4 Qh5f7
28.Bg2d5 Qf7xd5
29.Nf4xd5 Ra7f7
30.Nd5e7 Rf7xe7
31.Re1xe7 Kf8
32.Re7e1 Bc8f5
33.Re1d1 d5
34.a4 c4
35.Qb2xd4 cxb3
36.axb5 b2
37.Qd4b4 Kg8
38.Qb4xb2 Bb8a7
39.b6 { abandon }1-0

[Event "Coupe Niveau 4"]
[Site "www.echecsemail.com"]
[Date "2026.02.06"]
[Round "1"]
[White "Luc20"]
[Black "Onetwoyve"]
[WhiteElo "1830"]
[BlackElo "1920"]
[Result "0-1"]
1.d4 d5
2.Bc1f4 Ng8f6
3.Ng1f3 Bc8f5
4.e3 e6
5.Nf3h4 Bf5g6
6.h3 Bf8d6
7.Nh4xg6 hxg6
8.Qd1f3 Nb8c6
9.Bf1b5 Qd8d7
10.c3 a6
11.Bb5a4 b5
12.Ba4c2 Bd6xf4
13.Qf3xf4 O-O-O
14.Nb1d2 Rh8e8
15.O-O e5
16.Qf4f3 e4
17.Qf3g3 Nf6h5
18.Qg3h2 f5
19.Bc2d1 Re8h8
20.f4 Qd7e7
21.Rf1f2 g5
22.Bd1xh5 Rh8xh5
23.fxg5 Qe7xg5
24.Nd2f1 Rd8h8
25.Nf1g3 Rh5h7
26.Rf2f4 g6
27.Ra1f1 a5
28.Kf2 a4
29.a3 Nc6a5
30.Rf1e1 Na5b3
31.Ke2 c5
32.Ng3f1 cxd4
33.cxd4 Kb7
34.Nf1d2 Qg5h5
{ abandon }0-1

[Event "Michael Tal 30"]
[Site "www.echecsemail.com"]
[Date "2026.02.06"]
[Round "1"]
[White "Connecticcut"]
[Black "Tahar"]
[WhiteElo "1900"]
[BlackElo "1980"]
[Result "0-1"]
1.e4 e5
2.Bf1c4 Ng8f6
3.d3 Bf8c5
4.Bc1e3 Bc5e7
5.Ng1f3 d6
6.h3 h6
7.Nb1c3 c6
8.O-O a5
9.a4 O-O
10.Bc4b3 Nb8d7
11.d4 Nf6h7
12.dxe5 Nd7xe5
13.Nf3xe5 dxe5
14.Bb3c4 Be7g5
15.b3 Qd8xd1
16.Ra1xd1 Bg5xe3
17.fxe3 Nh7g5
18.Kh2 Bc8e6
19.Bc4xe6 Ng5xe6
20.Rd1d7 Ra8b8
21.Nc3e2 Ne6c5
22.Rd7e7 f6
23.Ne2g3 Rf8f7
24.Re7xf7 Kxf7
25.Rf1d1 g6
26.Kg1 Ke6
27.Kf2 h5
28.h4 b5
29.axb5 cxb5
30.Kf3 Rb8c8
31.Rd1d5 b4
32.Ng3e2 a4
33.bxa4 Nc5xa4
34.Rd5b5 Rc8xc2
35.Rb5xb4 Na4c5
36.Rb4b6 Ke7
37.Rb6c6 g5
38.hxg5 fxg5
39.Rc6c7 Kd6
40.Rc7h7 g4
41.Kf2 Nc5xe4
42.Ke1 Ne4f6
43.Rh7h6 Ke6
44.Kf1 Kf7
45.Rh6h8 Rc2d2
46.Rh8c8 Rd2d3
47.Rc8c7 Kg6
48.Kf2 Nf6e4
49.Kf1 Rd3xe3
50.Rc7e7 h4
51.Ne2g1 g3
52.Ng1f3 h3
53.Nf3xe5 Kf6
54.Re7e8 h2
55.Ne5g4 Kf7
{ abandon }0-1

[Event "Eq:Les enfants de l Atlantide-LES CHATTERBOX :"]
[Site "www.echecsemail.com"]
[Date "2026.02.06"]
[Round "1"]
[White "Janolapin"]
[Black "Fauconnier"]
[WhiteElo "1700"]
[BlackElo "2380"]
[Result "0-1"]
1.e4 d5
2.exd5 Ng8f6
3.c4 c6
4.dxc6 Nb8xc6
5.d3 Bc8f5
6.Ng1f3 e6
7.Nf3h4 Bf5g4
8.Bf1e2 Bg4xe2
9.Qd1xe2 Nc6d4
10.Qe2d1 Nf6d7
11.Nh4f3 Nd4xf3
12.Qd1xf3 Nd7e5
13.Qf3xb7 Ra8b8
14.Qb7b5 Rb8xb5
15.cxb5 Qd8xd3
{ abandon }0-1

[Event "020226"]
[Site "www.echecsemail.com"]
[Date "2026.02.06"]
[Round "1"]
[White "4x4"]
[Black "Katastrofic"]
[WhiteElo "1430"]
[BlackElo "1510"]
[Result "0-1"]
1.e4 c5
2.d3 e6
3.Nb1c3 Bf8e7
4.Bc1d2 d6
5.Qd1e2 Ng8f6
6.O-O-O a6
7.Ng1f3 O-O
8.g3 b5
9.a3 Bc8d7
10.Nc3a2 e5
11.b4 Bd7e6
12.Kb2 Be6xa2
13.Kxa2 cxb4
14.axb4 Qd8c7
15.Rd1c1 a5
16.Kb3 a4
17.Ka3 d5
18.exd5 Be7d6
19.Bf1g2 Nb8a6
20.Bd2g5 Bd6xb4
21.Kb2 a3
22.Ka2 Qc7c3
23.Rc1b1 Ra8c8
24.Rh1c1 Nf6xd5
25.Nf3e1 Qc3d4
26.Bg5d2 Bb4xd2
27.Qe2xd2 Nd5c3
28.Ka1 Nc3xb1
29.Ka2 Qd4b2
0-1

[Event "Schlacht"]
[Site "www.echecsemail.com"]
[Date "2026.02.06"]
[Round "1"]
[White "Luc20"]
[Black "Titit1"]
[WhiteElo "1820"]
[BlackElo "1450"]
[Result "1-0"]
1.b4 d5
2.b5 e5
3.Bc1b2 f6
4.d3 d4
5.Nb1d2 Bc8d7
6.a4 Bf8d6
7.g3 Ng8e7
8.Bf1g2 c6
9.bxc6 Bd7xc6
10.Bg2xc6 Nb8xc6
11.Ng1f3 O-O
12.Nd2c4 Bd6c7
13.O-O Ne7d5
14.Qd1d2 Qd8e7
15.e4 Nd5b6
16.Bb2a3 Qe7d7
17.Nc4xb6 Bc7xb6
18.Ba3xf8 Ra8xf8
19.Nf3h4 Qd7f7
20.Nh4f5 Nc6e7
21.Nf5d6 Qf7e6
22.Nd6c4 Bb6c7
23.Rf1b1 b6
24.Qd2b4 Ne7c6
25.Qb4b5 h6
26.Qb5b3 f5
27.f3 fxe4
28.fxe4 Kh8
29.Nc4d2 Qe6g4
30.Rb1e1 h5
31.Qb3c4 Rf8f6
32.Re1f1 Bc7d8
33.Rf1xf6 Bd8xf6
34.Qc4xc6 Bf6g5
35.Nd2f1 Kh7
36.Qc6c7 Qg4e2
37.Qc7xe5 Bg5e3
38.Nf1xe3 Qe2xe3
39.Kg2 Qe3d2
40.Kh3 Qd2xc2
41.Qe5xh5 Kg8
42.Qh5d5 Kh8
43.Qd5xd4 Qc2e2
44.Qd4d5 Qe2b2
45.Ra1f1 Qb2b4
46.Qd5h5 Kg8
47.Qh5e8 Kh7
48.Rf1f8 Kh6
49.Rf8h8 Kg5
50.Qe8b5 Qb4xb5
51.axb5 Kf6
52.Rh8d8 Ke5
53.Rd8d5 Kf6
54.Kg4 Ke6
55.d4 g6
56.Kg5 Kf7
57.Rd5d7 Ke6
58.Rd7xa7 Kd6
59.Kxg6 Ke6
60.h4 Kd6
61.h5 Ke6
62.h6 Kd6
63.h7 Ke6
64.h8Q Kd6
65.Qh8f6 1-0

[Event "Défi( 10J+24H/c 10J Max )"]
[Site "www.echecsemail.com"]
[Date "2026.02.06"]
[Round "1"]
[White "Temistocles"]
[Black "Jlr"]
[WhiteElo "1470"]
[BlackElo "1440"]
[Result "1-0"]
1.Nb1c3 c5
2.d4 d6
3.dxc5 Qd8a5
4.Bc1e3 dxc5
5.a3 Nb8c6
6.g3 Bc8f5
7.Bf1h3 Bf5g6
8.Qd1d7 1-0

[Event "Défi"]
[Site "www.echecsemail.com"]
[Date "2026.02.06"]
[Round "1"]
[White "Intrigue"]
[Black "Chevalice"]
[WhiteElo "1710"]
[BlackElo "1670"]
[Result "1-0"]
1.f4 f5
2.Ng1f3 Ng8f6
3.b3 e6
4.Bc1b2 Bf8e7
5.e3 O-O
6.Bf1e2 d6
7.O-O a6
8.d3 Nb8c6
9.Nb1c3 e5
10.fxe5 dxe5
11.h3 Nf6h5
12.Nf3xe5 Nh5g3
13.Ne5xc6 bxc6
14.Rf1f3 Be7h4
15.d4 Qd8g5
16.Bb2a3 Rf8f6
17.Ba3e7 Bc8b7
18.Be7xf6 Qg5xf6
19.Be2c4 Kh8
20.Bc4d3 c5
21.Rf3f4 g5
22.Rf4f1 Ng3xf1
23.Qd1xf1 cxd4
24.Nc3e4 Qf6e5
25.Ne4d2 Qe5xe3
26.Kh1 Qe3xd2
27.Ra1d1 Qd2e3
28.Qf1xf5 Qe3xh3
29.Qf5xh3 Ra8f8
30.Rd1f1 { abandon }1-0

[Event "FARSCHWILLER"]
[Site "www.echecsemail.com"]
[Date "2026.02.06"]
[Round "1"]
[White "Mindthegap"]
[Black "Katastrofic"]
[WhiteElo "1420"]
[BlackElo "1460"]
[Result "0-1"]
1.e4 e5
2.Ng1f3 Ng8f6
3.Nf3xe5 d6
4.Ne5f3 Nf6xe4
5.d4 d5
6.Bf1d3 Bf8e7
7.O-O O-O
8.c4 c6
9.Rf1e1 Ne4f6
10.Nf3g5 g6
11.h4 Rf8e8
12.h5 Nf6xh5
13.Bd3xg6 hxg6
14.Ng5xf7 Kxf7
15.Qd1f3 Kg7
16.Qf3e3 g5
17.Qe3e5 Nh5f6
18.Qe5xg5 Kf7
19.Qg5g3 Re8g8
20.Re1xe7 Qd8xe7
21.Qg3c3 Bc8e6
22.Nb1d2 Rg8g6
23.b4 Nb8d7
24.Bc1a3 Ra8g8
25.Kf1 Rg6xg2
26.b5 Rg2g1
27.Ke2 Be6g4
28.Kd3 Bg4f5
29.Nd2e4 Qe7xe4
{ abandon }0-1

[Event "Tournoi n27440"]
[Site "www.echecsemail.com"]
[Date "2026.02.06"]
[Round "1"]
[White "Verson"]
[Black "Geantvert"]
[WhiteElo "1810"]
[BlackElo "1870"]
[Result "1-0"]
1.d4 f5
2.Ng1f3 Ng8f6
3.e3 b6
4.Bf1d3 g6
5.O-O Bc8b7
6.Nb1d2 Bf8g7
7.c4 d6
8.Qd1e2 Nb8d7
9.e4 fxe4
10.Nd2xe4 O-O
11.Bc1g5 Qd8c8
12.Ra1c1 Rf8f7
13.h3 Bg7f8
14.Ne4xf6 exf6
15.Bg5f4 Qc8e8
16.Rf1e1 Qe8xe2
17.Re1xe2 Bf8g7
18.Bd3e4 Bb7xe4
19.Re2xe4 Kf8
20.Rc1e1 f5
21.Re4e6 Kg8
22.Nf3g5 Rf7f6
23.Re6e7 Nd7f8
24.Re7xc7 h6
25.Ng5f3 g5
26.Bf4d2 Nf8g6
27.g3 a6
28.d5 f4
29.b3 Rf6f7
30.Rc7xf7 Kxf7
31.Bd2b4 Bg7f8
32.Re1e6 Ra8d8
33.Kf1 Kg7
34.Bb4c3 Kf7
35.Re6f6 { abandon }1-0

[Event "Défi"]
[Site "www.echecsemail.com"]
[Date "2026.02.06"]
[Round "1"]
[White "Sarkus"]
[Black "Bassdark"]
[WhiteElo "2040"]
[BlackElo "2030"]
[Result "1-0"]
1.e4 e6
2.d4 d5
3.exd5 exd5
4.Ng1f3 Ng8f6
5.h3 Bf8d6
6.Bf1d3 h6
7.O-O O-O
8.Rf1e1 Bc8e6
9.Nb1d2 Nb8c6
10.Nd2f1 Nc6b4
11.Bd3e2 Ra8c8
12.a3 Nb4c6
13.Be2b5 Be6d7
14.c4 dxc4
15.Bb5xc4 Nc6a5
16.Bc4a2 Rf8e8
17.Re1xe8 Qd8xe8
18.Bc1xh6 gxh6
19.Qd1d2 Qe8e4
20.Qd2xh6 Nf6d5
21.Nf3g5 Qe4g6
22.Qh6xg6 fxg6
23.Ba2xd5 Kg7
24.Ra1e1 Na5c6
25.Ng5f3 Rc8h8
26.Bd5e6 Bd7xe6
27.Re1xe6 Rh8h5
28.Nf1e3 Rh5b5
29.d5 Nc6e7
30.Ne3c4 Rb5xd5
31.Nc4xd6 cxd6
32.Re6xe7 Kf6
33.Re7xb7 a5
34.g4 g5
35.a4 Rd5d3
36.Kg2 d5
37.Rb7b5 d4
38.Rb5d5 Rd3b3
39.Rd5f5 Kg6
40.Rf5xg5 Kh6
41.Rg5b5 Rb3d3
42.Rb5xa5 Rd3d1
43.Ra5d5 d3
44.b4 d2
45.Rd5xd2 Rd1a1
46.a5 Ra1a4
47.Rd2d4 Kg7
48.h4 Kf6
49.h5 Kg7
50.Nf3e5 Kh6
51.Kg3 Kh7
52.g5 Kg7
53.Kg4 Kh7
54.h6 Ra4a1
55.Kf5 Ra1f1
56.f4 Rf1f2
57.Rd4d7 Kh8
58.Ne5g6 { abandon }1-0

[Event "BERNARD MAS"]
[Site "www.echecsemail.com"]
[Date "2026.02.06"]
[Round "1"]
[White "Intrigue"]
[Black "4x4"]
[WhiteElo "1720"]
[BlackElo "1490"]
[Result "0-1"]
1.f4 d5
2.Ng1f3 Bc8f5
3.d3 e6
4.e3 Ng8f6
5.Bc1d2 Bf5g4
6.Bf1e2 Nb8c6
7.O-O Qd8d7
8.Nb1c3 O-O-O
9.a3 Bf8d6
10.b4 h5
11.b5 Nc6e7
12.a4 Bd6b4
13.Qd1b1 Bb4xc3
14.Bd2xc3 c5
15.Nf3e5 Qd7e8
16.a5 Bg4xe2
17.Rf1f2 Be2g4
18.b6 a6
19.h3 Bg4f5
20.Qb1e1 Ne7c6
21.Ne5xc6 Qe8xc6
22.Bc3xf6 gxf6
23.Rf2f1 Rh8g8
24.Kh2 d4
25.e4 Bf5g6
26.Qe1f2 f5
27.e5 Rg8h8
28.Qf2f3 Qc6xf3
29.Rf1xf3 h4
30.Rf3f1 Bg6h5
31.Ra1a2 Bh5e2
32.Rf1f2 Be2d1
33.Ra2a1 Bd1h5
34.Ra1e1 Rd8d5
35.Rf2d2 c4
36.Rd2f2 c3
37.Re1a1 Rd5b5
38.Rf2f1 Rh8g8
39.Rf1f2 Rg8g3
40.Ra1a2 Rg3e3
41.Kh1 Re3e2
42.Rf2xe2 Bh5xe2
43.Kh2 Rb5b2
{ abandon }0-1

[Event "Tournoi n27436"]
[Site "www.echecsemail.com"]
[Date "2026.02.06"]
[Round "1"]
[White "Nicadria22"]
[Black "Verson"]
[WhiteElo "1900"]
[BlackElo "1810"]
[Result "1-0"]
1.e4 e6
2.d4 d5
3.e5 c5
4.c3 Nb8c6
5.Ng1f3 Qd8b6
6.Bf1d3 cxd4
7.O-O dxc3
8.Nb1xc3 Ng8e7
9.Nc3a4 Qb6c7
10.Rf1e1 Ne7g6
11.Qd1e2 Bf8b4
12.Na4c3 O-O
13.a3 Bb4e7
14.b4 Bc8d7
15.Bc1b2 a6
16.Ra1c1 Ra8c8
17.Nc3a4 Nc6xe5
18.Rc1xc7 Rc8xc7
19.Nf3xe5 Bd7xa4
20.Ne5xg6 hxg6
21.Qe2e5 { abandon }1-0

[Event "ZGOUGOU"]
[Site "www.echecsemail.com"]
[Date "2026.02.06"]
[Round "1"]
[White "Casisimed"]
[Black "Intrigue"]
[WhiteElo "1620"]
[BlackElo "1760"]
[Result "0-1"]
1.e4 e5
2.Ng1f3 Nb8c6
3.Nb1c3 Ng8f6
4.Bf1c4 Bf8c5
5.O-O O-O
6.d3 d6
7.Bc1g5 h6
8.Bg5h4 Bc8e6
9.Nc3d5 Be6xd5
10.Bc4xd5 g5
11.Bh4g3 Nf6xd5
12.exd5 Nc6d4
13.Nf3xd4 Bc5xd4
14.Qd1h5 Qd8f6
15.c3 Bd4b6
16.h4 Kg7
17.hxg5 Qf6xg5
18.Qh5xg5 hxg5
19.Ra1e1 Ra8e8
20.d4 exd4
21.Re1xe8 Rf8xe8
22.cxd4 Bb6xd4
23.Rf1c1 Bd4b6
24.Kf1 f5
25.a4 f4
26.Bg3h2 Kg6
27.b4 Re8e4
28.a5 Bb6d4
29.Rc1xc7 b6
30.Rc7d7 bxa5
31.Rd7xd6 Kf5
32.bxa5 Bd4c3
33.f3 Re4e1
34.Kf2 Re1d1
35.Rd6d8 Bc3xa5
36.Rd8f8 Ke5
37.g3 Ba5b6
38.Ke2 Rd1xd5
39.gxf4 gxf4
40.Bh2xf4 Ke6
41.Rf8e8 Kf7
42.Re8e3 Bb6xe3
43.Kxe3 a5
44.Ke4 Rd5d7
45.Bf4e5 Rd7e7
46.f4 a4
47.Kd3 Re7b7
48.f5 a3
49.Ke4 Rb7e7
{ abandon }0-1

[Event "Défi( 10J+24H/c 10J Max )"]
[Site "www.echecsemail.com"]
[Date "2026.02.06"]
[Round "1"]
[White "Titit1"]
[Black "Luc20"]
[WhiteElo "1450"]
[BlackElo "1820"]
[Result "0-1"]
1.d4 d5
2.Ng1f3 c5
3.Bc1f4 Nb8c6
4.Nb1c3 Ng8f6
5.Nc3b5 e5
6.Bf4xe5 Nc6xe5
7.Nf3xe5 a6
8.Nb5c3 Bc8f5
9.e3 c4
10.Bf1e2 Bf8b4
11.Qd1d2 Nf6e4
12.Qd2c1 Ne4xc3
13.bxc3 Bb4xc3
14.Kf1 Bc3xa1
15.Qc1xa1 Bf5xc2
16.Qa1b2 Bc2g6
17.Qb2xb7 O-O
18.Ne5xg6 fxg6
19.g3 Rf8f7
20.Qb7b1 Qd8f6
21.Qb1e1 Ra8f8
22.f3 Qf6e6
23.Qe1c1 Qe6e4
24.Kg2 Rf7xf3
25.Be2xf3 Rf8xf3
26.Kh3 Qe4f5
27.Kg2 Rf3f2
28.Kg1 Qf5f3
29.a3 Qf3g2
0-1

[Event "Tournoi n27434"]
[Site "www.echecsemail.com"]
[Date "2026.02.06"]
[Round "1"]
[White "Fouvolant"]
[Black "Mokanne"]
[WhiteElo "1450"]
[BlackElo "1440"]
[Result "1-0"]
1.e4 e5
2.Ng1f3 d6
3.d4 Bc8g4
4.dxe5 Bf8e7
5.exd6 cxd6
6.Bf1e2 a6
7.O-O f6
8.Nb1c3 Bg4d7
9.Bc1f4 Bd7c6
10.Nf3d4 Ng8h6
11.Nd4e6 Qd8d7
12.Ne6xg7 Kd8
13.Bf4xh6 Be7f8
14.Be2g4 Qd7f7
15.Ng7e6 Ke7
16.Ne6xf8 Rh8xf8
17.Bh6xf8 Kxf8
18.Qd1xd6 Qf7e7
19.Qd6f4 Nb8d7
20.Ra1d1 Kg7
21.Qf4g3 Kh8
22.Bg4xd7 Bc6xd7
23.Nc3d5 Qe7f7
24.Qg3c3 Bd7b5
25.Rf1e1 Kg8
26.Nd5xf6 Kf8
27.Re1e3 Bb5c6
28.Nf6d5 Ra8d8
29.Re3f3 { abandon }1-0

[Event "Schlacht"]
[Site "www.echecsemail.com"]
[Date "2026.02.06"]
[Round "1"]
[White "Titit1"]
[Black "4x4"]
[WhiteElo "1450"]
[BlackElo "1470"]
[Result "0-1"]
1.d4 d5
2.Ng1f3 e6
3.Nb1c3 Ng8f6
4.Bc1g5 Bf8e7
5.e3 Bc8d7
6.Bf1e2 h6
7.Bg5f4 Be7d6
8.Bf4xd6 cxd6
9.O-O Nb8c6
10.a3 Nf6e4
11.Nc3xe4 dxe4
12.Nf3d2 d5
13.c3 f5
14.Qd1b3 Nc6a5
15.Qb3c2 a6
16.f3 g5
17.fxe4 dxe4
18.c4 O-O
19.d5 exd5
20.cxd5 Ra8c8
21.Qc2b1 Qd8b6
22.Kf2 Qb6d6
23.g3 Qd6xd5
24.Rf1d1 Qd5f7
25.b3 Kg7
26.Nd2c4 Na5xc4
27.Be2xc4 Qf7e7
28.Qb1b2 Kg6
29.Rd1d2 Bd7b5
30.Bc4xb5 axb5
31.Ra1d1 Kh5
32.Rd2d7 Qe7c5
33.Qb2g7 Qc5c2
34.Kg1 Qc2xb3
35.Rd7d6 Qb3xe3
36.Kg2 Rc8c2
37.Kh1 Qe3f3
38.Kg1 Qf3g2
0-1

[Event "Schlacht"]
[Site "www.echecsemail.com"]
[Date "2026.02.06"]
[Round "1"]
[White "4x4"]
[Black "Titit1"]
[WhiteElo "1470"]
[BlackElo "1450"]
[Result "1-0"]
1.Nb1c3 Ng8f6
2.e4 e5
3.d3 Nb8c6
4.Ng1f3 Bf8b4
5.Bc1d2 O-O
6.Qd1e2 d6
7.O-O-O Bc8e6
8.a3 Bb4a5
9.b4 Ba5b6
10.Nc3d5 Nf6xd5
11.exd5 Be6xd5
12.c4 Bd5e6
13.Bd2c3 a6
14.Qe2d2 Qd8f6
15.Nf3g1 Bb6xf2
16.Ng1f3 Bf2a7
17.Bf1e2 Nc6d4
18.Nf3xd4 Be6d7
19.Nd4f3 Bd7f5
20.Kb2 Rf8d8
21.h3 Bf5e6
22.Rh1f1 Qf6e7
23.Nf3g5 Be6d7
24.Rf1xf7 Qe7e8
25.Rd1f1 Bd7e6
26.Ng5xe6 Qe8xe6
27.Rf7xc7 Ba7b6
28.Rc7xb7 d5
29.c5 Bb6a7
30.Rf1f7 Rd8e8
31.Rf7xg7 Kf8
32.Rg7xh7 Ra8d8
33.Rh7h8 Qe6g8
34.Rh8xg8 Kxg8
35.Rb7xa7 d4
36.Qd2g5 Kf8
37.Qg5f6 Kg8
38.Qf6g7 1-0

[Event "Défi( 10J+24H/c 10J Max )"]
[Site "www.echecsemail.com"]
[Date "2026.02.06"]
[Round "1"]
[White "Patau"]
[Black "Jeff75019"]
[WhiteElo "1670"]
[BlackElo "1450"]
[Result "1/2-1/2"]
1.e4 e5
2.Ng1f3 Nb8c6
3.d4 d5
4.Nf3xe5 Nc6xe5
5.dxe5 d4
6.Bf1c4 Bc8e6
7.Qd1d3 Bf8b4
8.Bc1d2 Bb4xd2
9.Nb1xd2 Ng8e7
10.Bc4xe6 fxe6
11.O-O Ne7c6
12.f4 Qd8d7
13.c3 O-O-O
14.cxd4 Qd7xd4
15.Qd3xd4 Nc6xd4
16.Rf1f2 g6
17.Nd2b3 Nd4xb3
18.axb3 a6
19.f5 g5
20.fxe6 Rd8e8
21.Rf2f6 h5
22.Rf6g6 g4
23.Ra1d1 h4
24.Rd1d7 Re8d8
25.Rd7xd8 Kxd8
26.Rg6xg4 Rh8h7
27.Rg4f4 Rh7h8
28.Kf2 c5
29.Rf4f7 Ke8
30.Rf7xb7 h3
31.Rb7b8 { nul }1/2-1/2

[Event "Eq:Pirates du Mat-modesty :"]
[Site "www.echecsemail.com"]
[Date "2026.02.06"]
[Round "1"]
[White "Eltche"]
[Black "Zax"]
[WhiteElo "2560"]
[BlackElo "2270"]
[Result "1-0"]
1.d4 c5
2.d5 Ng8f6
3.c4 b5
4.cxb5 a6
5.bxa6 g6
6.Nb1c3 Bc8xa6
7.f4 d6
8.Ng1f3 Bf8g7
9.e4 Qd8a5
10.Bc1d2 O-O
11.Bf1e2 Nb8d7
12.O-O Rf8b8
13.Ra1b1 Nf6e8
14.Kh1 Rb8b7
15.Rf1e1 Ne8c7
16.e5 Ba6xe2
17.Re1xe2 Nc7b5
18.b3 dxe5
19.fxe5 Nb5d4
20.Re2e4 Nd4xf3
21.Qd1xf3 Nd7xe5
22.Qf3e2 c4
23.Re4xe5 Bg7xe5
24.Qe2xe5 cxb3
25.axb3 Ra8b8
26.Bd2h6 { abandon }1-0

[Event "Tournoi n27445"]
[Site "www.echecsemail.com"]
[Date "2026.02.06"]
[Round "1"]
[White "Verson"]
[Black "Bertelsen"]
[WhiteElo "1800"]
[BlackElo "1720"]
[Result "1-0"]
1.d4 d5
2.Ng1f3 Nb8c6
3.e3 a6
4.c3 Ng8f6
5.Bf1d3 h6
6.Nb1d2 e6
7.e4 dxe4
8.Nd2xe4 Bf8e7
9.Bc1f4 O-O
10.Qd1e2 Nf6d5
11.Bf4g3 Be7d6
12.Ne4xd6 cxd6
13.O-O Nc6e7
14.Bd3c2 Nd5f6
15.Ra1d1 d5
16.Nf3e5 Bc8d7
17.Qe2d3 Kh8
18.Ne5g4 Ne7g8
19.Bg3h4 g5
20.Bh4g3 Nf6e4
21.Ng4e5 Ne4f6
22.Ne5xd7 Qd8xd7
23.Bg3e5 b5
24.Qd3h7 1-0